000 00298nam a22001337a 4500
008 181009b xxu||||| |||| 00| 0 eng d
020 _a0770600220
041 _aeng
080 _a701
100 _a45
101 _aART
245 _aPhotography of Natural Things
_cPatterson, F
942 _2udc
_cBK
999 _c49163
_d49163